Social movements, 1768-2004 /

Gorde:
Xehetasun bibliografikoak
Egile nagusia: Tilly, Charles
Formatua: Ezezaguna
Hizkuntza:English
Argitaratua: Colorado : Paradigm Publishers 2004
Etiketak: Etiketa erantsi
Etiketarik gabe, Izan zaitez lehena erregistro honi etiketa jartzen!

MARC

LEADER 00000 a2200000 04500
001 40022
003 cru CIDCACS/IIS
005 20171109144853.0
008 050626s2004 cou eng d
999 |c 6291  |d 6291 
020 |a 1-59451-043-1  
040 |c CIDCACS/IIS 
090 |a 05.03.04 T579s  
100 |a Tilly, Charles  
245 |a Social movements, 1768-2004 /   |c Charles Tilly 
260 |a Colorado :   |b Paradigm Publishers   |c 2004 
300 |a 194 páginas  
500 |a Colección Cambio Social donada por Paul Almeida  
942 |2 ddc  |c LI